000 00480nam a2200169 4500
001 133318
003 ES-MaACL
005 20230906194356.0
007 t|
008 070214s1951 sp r ||||1| spa d
100 1 _aRothacker, Erich.
_999961
245 1 0 _aFilosofía de la historia /
_cErich Rothacker ; traducción de Hilario Gómez.
260 _aMadrid :
_bPegaso,
_c1951.
300 _a262 p. ;
_c24 cm.
700 1 _aGómez, Hilario.
_957763
852 _aES-MaACL
_jD-5862
999 _c133318
_d133318